LEADER 01490nam a2200313 u 4500 001 000000064419 003 CaOOAMICUS 005 20070226121344.0 008 011119s1927 be u000 u fre u 035 $a10910393 040 $aPUL(R)$bita 100 1 $aPerinelle, J.,$cO.P.$0(OLS)http://pul/name/27814 245 12$aL'attrition d'aprés le Concile de Trente et d'aprés Saint THomas d'Aquin /$cpar J. Périnelle. 260 $aLe Saulchoir, Kain :$bRevue des sciences philosophiques et théologiques,$c1927. 300 $a151 p. ;$c25 cm 490 1 $aBibliothèque thomiste ;$v10 500 $aContiene indici. 504 $aBibliografia in nota. 600 04$aThomas Aquinas,$cs.,$dc. 1225-1274$xTeologia.$0(OLS)http://pul/subject/9426 611 24$aConcilium Tridentinum$d(1545-1563).$0(OLS)http://pul/subject/698 650 4$aTomismo.$0(OLS)http://pul/subject/597 650 4$aFilosofia cristiana.$0(OLS)http://pul/subject/972 830 0$aBibliothèque thomiste ;$v10.$0(OLS)http://pul/title/1273 850 $aPUL 852 $aPUL$W1$xSL Religione 1$y3$m78 C 10$j83500$nBK-PRI$b $qStampati$B83500$CPULBib$Z2$F83500 $H $81 941 1 $a8 960 $aConcilio di Trento$d(1545-1563)$9698 996 $6245$aL'attrition d'aprés le Concile de Trente et d'aprés Saint THomas d'Aquin$9(OLS)http://pul/title/85836 996 $6260$aLe Saulchoir, Kain :$bRevue des sciences philosophiques et théologiques$9(OLS)http://pul/publisher/49674 LEADER 01457nam a2200325 a 4500 001 000000132310 003 CaOOAMICUS 005 20130115112823.0 008 130115s2012 it u000 u ita r 020 $z978-884673354-2* 040 $aPUL$bita 082 04$a171 100 1 $aIvaldo, Marco.$0(OLS)http://pul/name/5707 245 10$aRagione pratica :$bKant, Reinhold, Fichte /$cMarco Ivaldo. 260 $aPisa :$bETS,$c©2012. 300 $a354 p. ;$c22 cm. 490 1 $aPhilosophica. Serie rossa ;$v98 600 14$aKant, Immanuel,$d1724-1804$xConcezione della ragione pratica.$0(OLS)http://pul/subject/39265 600 14$aFichte, Johann Gottlieb,$d1762-1814$xConcezione della ragione pratica.$0(OLS)http://pul/subject/39264 600 14$aReinhold, Karl Leonhard,$d1757-1823$xConcezione della ragione pratica.$0(OLS)http://pul/subject/39266 650 4$aEtica.$0(OLS)http://pul/subject/547 830 0$aPhilosophica (ETS)$pSerie rossa ;$v98.$0(OLS)http://pul/title/157046 850 $aPUL 852 $aPUL$W1$xSL Filosofia 3$y81$m171 IVAMA 1$j152260$qDDC 21$B151613$CPULBib$Z2$F151613 $H121398 $82 941 1 $a9 996 $6020$z978-884673354-2*$9(OLS)http://pul/number/151479 996 $6082$a171$9(OLS)http://pul/classification/681 996 $6245$aRagione pratica :$bKant, Reinhold, Fichte$9(OLS)http://pul/title/167143 996 $6260$aPisa :$bETS$9(OLS)http://pul/publisher/65234